| 000 | 00583nam a2200193 i 4500 | ||
|---|---|---|---|
| 001 | 28728 | ||
| 003 | ES-MaACL | ||
| 005 | 20240421063012.0 | ||
| 007 | t| | ||
| 008 | 030120s1964 sp ||||1| spa d | ||
| 100 | 0 |
_aBarasoain, Alberto, _d1934-1976 _925333 |
|
| 245 | 1 | 4 |
_aLos días _b: (1962-1963) / _cAlberto Barasoain. |
| 260 |
_aZaragoza : _b[s.n., _c1964] ( _eMadrid : _fGráf. Franco Española) |
||
| 300 |
_a21 h., 1 lám. ; _c22 cm. |
||
| 490 | 1 | _aOrejudin | |
| 830 | 0 |
_aOrejudin _9182893 |
|
| 852 |
_aES-MaACL _jC-26565 _bR.55432 |
||
| 999 |
_c28728 _d28728 |
||